000
00308nam a2200121Ia 4500
008
180117s9999 xx 000 0 und d
100
_a
by JOyce Reyes-Aguila
245
_a
Less in more
260
_c
2017
300
_a
6-12 pages, 2017 January 8
440
_a
Philippine Panorama
650
_a
TRENDS IN 2017
999
_c
353553
_d
353553